Statistics for Denver Nuggets Top 10 Leaders

Click here to take the quiz!

General Stats

  • This quiz has been taken 68 times
    (19 since last reset)
  • The average score is 10 of 29

Answer Stats

Answer % Correct
Carmelo Anthony
100%
Alex English
89%
Nikola Jokic
83%
Dikembe Mutombo
78%
Marcus Camby
61%
David Thompson
56%
Andre Miller
50%
Fat Lever
44%
Bobby Jones
39%
Mahmoud Abdul-Rauf
39%
Reggie Williams
39%
Kiki Vandeweghe
33%
Antonio McDyess
33%
Ty Lawson
33%
Dan Issel
33%
Nene Hilario
28%
Kenneth Faried
28%
Wayne Cooper
22%
Ralph Simpson
17%
Chris Andersen
17%
Michael Adams
17%
Nick Van Exel
17%
Raef LaFrentz
11%
T.R. Dunn
11%
Bill Hanzlik
11%
Danny Schayes
11%
Julius Keye
6%
Dave Robisch
6%
Byron Beck
6%

Score Distribution

Percentile by Number Answered

Percent of People with Each Score

Your Score History

You have not taken this quiz since the last reset